All Translated Countries of the World Quizzes on Jetpunk - Statistics

General Stats
  • This quiz has been taken 65 times
    35 since last reset
  • The average score is 45 of 64
Answer Stats
Translation of COTW Creator Language % Correct
世界の国々 Zefyrinus Japanese
93%
Státy světa Carrion Czech
89%
Länder der Welt Quizmaster German
89%
Państwa Świata Quizmaster Polish
89%
Страны мира explorer97 Russian
89%
Države sveta eurocrem Serbian
89%
Países del Mundo PunkEspanol Spanish
89%
世界各国 cuotak Chinese (Simplified)
86%
世界上的國家 FitzXsky Chinese (Traditional)
86%
Verdens lande Quizmaster Danish
86%
Landen van de Wereld Quizmaster Dutch
86%
Countries of the World Quiz Quizmaster English
86%
Maailman valtiot markjohan Finnish
86%
Χώρες του Κόσμου-Ελληνικά ca3naki Greek
86%
विश्व के हरएक देश SWATkun Hindi
86%
Verdens land kariannepizza Norwegian (Bokmål)
86%
کشور های دنیا Cleverer Persian
86%
Țările Lumii TheRealGrantma Romanian
86%
Štáty sveta DanielSvk Slovak
86%
Države sveta Djilas Slovenian
86%
Världens länder pampelius Swedish
86%
دول العالم الإختبار من تأليف suhaib33 Arabic
82%
աշխարհի երկրները nickelz Armenian
82%
Države svijeta KoljiVriVoda Croatian
82%
Pays du monde Quizmaster French
82%
A Világ Országai Kvíz 0011aabbxx Hungarian
82%
Paesi del Mondo Quizmaster Italian
82%
전세계의 나라들 piscesall Korean
82%
Pasaules Valstis LanguagePunk Latvian
82%
Países do Mundo Quizmaster Portuguese
82%
ประเทศต่าง ๆ ในโลก PSTSCCH Thai
82%
Dünya Ülkeleri Jerry928 Turkish
82%
Vendet e botës Hashimi Albanian
79%
Maailma riigid Sulps Estonian
79%
მსოფლიოს სახელმწიფოები v23 Georgian
79%
מדינות העולם shiri Hebrew
79%
Pasaulio šalys Gstyler91 Lithuanian
79%
Країни світу greenReaper Ukrainian
79%
Dünya Ölkələri Viktorinası Afghabwe Azerbaijani
75%
Държавите на света GraVedigger96 Bulgarian
75%
Negara-Negara di Dunia reslessness Indonesian
75%
Nước của thế giới Jerry928 Vietnamese
75%
Mga Bansa ng Mundo Jerry928 Tagalog
71%
دنیا کے ممالک JetPunker180 Urdu
71%
Spurningakeppninn um Löndum Heimsins dasubergeek Icelandic
68%
Tíortha an Domhain Jerry928 Irish
68%
Països del Món Jerry928 Catalan
64%
Lande van die wêreld JanLouisJordaan Afrikaans
61%
Landoj de la Mondo marioo Esperanto
54%
Länner vun der Welt Jerry928 Luxembourgish
54%
Pajjiżi tad-Dinja Jerry928 Maltese
50%
Dunyo mamlakatlari Difluzi Uzbek
50%
Whenua o te Ao Gassu Maori
43%
विश्वका सबै देशहरु प्रतियोगिता Jiaozira Nepali
43%
ప్రపంచంలో అన్నీ దేశాలు (Prapancamlō annī deśālu) TheNatureThread Telugu
43%
Gwledydd y Byd Jerry928 Welsh
43%
Países do Mundo Jerry928 Galician
39%
Patrias Terrae WolfCam Latin
39%
Stadis independents dal mund Gassu Romansh
39%
לענדער פון דער וועלט (Lender fun der velt) FSLiudger Yiddish
21%
Staty swěta FSLiudger Sorbian
18%
Paezi del Mondo VenesiaBall Venetian
18%
Atunuu o le Lalolagi Jerry928 Samoan
14%
Chés poéyis deuch Monde ertyloide Picard
4%
No matching quizzes found
Score Distribution
Percent of People with Each Score
Percentile by Number Answered
Your Score History
You have not taken this quiz since the last reset